000 00354nam a22001337a 4500
020 _a9788126524518
082 _222
_a625.7
100 _aWright, Poul H. and Dixon, Karen K.
245 _aHighway engineering /
250 _a7 th.
260 _aNew Delhi,
_bJohn Wiley and Sons,
_cc2010.
300 _avii,677 p. ;
_bill. ;
_c24 cm.
942 _2ddc
_cMATHS
_034
999 _c2351
_d2351